000
00229nam a2200097Ia 4500
008
191206s9999 xx 000 0 und d
020
_a
9.78149E+12
090
_a
HD69.P75
245
2
_a
A guide to project management
260
_c
c2015
999
_c
15361
_d
15361